La Diputació provincial de Catalunya sota la Constitució de Cadis (1812-1814 i 1820-1822) / Josep Sarrión i Gualda
ISBN:
84-393-1801-4
Descripción Física:
423 p. ; 24 cm
MARC
| LEADER | 00000nam a2200000Ia 4500 | ||
|---|---|---|---|
| 001 | 9562 | ||
| 008 | 160829s1991 xx 000 0 cat d | ||
| 020 | |a 84-393-1801-4 | ||
| 080 | |a M-2-84 | ||
| 100 | |a Sarrión i Gualda, Josep |9 17442 | ||
| 245 | |a La Diputació provincial de Catalunya sota la Constitució de Cadis (1812-1814 i 1820-1822) / Josep Sarrión i Gualda | ||
| 260 | |a Barcelona : |b Generalitat de Catalunya, Direcció General d'Administració Local, |c 1991 | ||
| 300 | |a 423 p. ; |c 24 cm | ||
| 650 | |a Catalunya. Diputació Províncial |x S. XIX |x Fonts |9 39660 | ||
| 710 | 1 | |9 53065 |a Catalunya. |b Direcció General d'Administració Local |e entitat editora | |
| 901 | |a Arxiu | ||
| 942 | |n 1 |2 udc | ||
| 952 | |0 0 |1 0 |4 0 |6 M284 |7 1 |9 49144 |a Arxiu |b Arxiu |d 2016-12-01 |l 0 |o M-2-84 |p 9562 |r 2016-12-01 00:00:00 |w 2016-12-01 |y ARXIU | ||
| 952 | |0 0 |1 0 |4 0 |6 PDL |7 1 |9 63421 |a Arxiu |b Arxiu |d 2022-08-12 |l 0 |o PDL |p 26455 |r 2022-08-12 00:00:00 |w 2022-08-12 |y ARXIU | ||
| 999 | |c 52983 |d 52983 | ||